| 000 | 00605nam a2200217Ii 4500 | ||
|---|---|---|---|
| 003 | JO-AjNU | ||
| 008 | 230606s9999||||xx |||||||||||||| ||und|| | ||
| 020 | _a978-0-415-32153-2 | ||
| 040 |
_aJO-AjNU _beng _erda _cJO-AjNU |
||
| 041 | _aeng | ||
| 050 | 1 | 4 | _aP146.H3 2003 |
| 100 | 3 |
_aHawkes,Terence تأليف, _eauthor _940 |
|
| 245 | 0 | 0 | _aStructuralism And Semiotics |
| 250 | _a2 ed | ||
| 264 | 3 | 1 | _aNew York:Routledge,2003 |
| 300 | _a176p | ||
| 336 |
_atext _btxt _2rdacontent |
||
| 337 |
_aunmediated _bn _2rdamedia |
||
| 338 |
_avolume _bnc _2rdacarrier |
||
| 650 | 4 |
_aStructuralism And Semiotics _941 |
|
| 999 |
_aE24 _c24 _d24 |
||